|
|
|
|
| LEADER |
00000nam0a2200000 4500 |
| 001 |
289118 |
| 005 |
20231102000145.0 |
| 035 |
|
|
|a (RuTPU)RU\TPU\book\313623
|
| 090 |
|
|
|a 289118
|
| 100 |
|
|
|a 20150331d1967 m y0rusy50 ca
|
| 101 |
0 |
|
|a rus
|
| 102 |
|
|
|a RU
|
| 105 |
|
|
|a a z 000zy
|
| 200 |
1 |
|
|a Загадки эмбриона
|f Б. П. Хватов, Р. М. Федоров
|
| 210 |
|
|
|a Москва
|c Знание
|d 1967
|
| 215 |
|
|
|a 47 с.
|c ил.
|
| 225 |
1 |
|
|a Новое в жизни, науке, технике. Серия "Биология"
|
| 606 |
1 |
|
|a Эмбрионы
|x Физиология
|2 stltpush
|3 (RuTPU)RU\TPU\subj\21173
|9 46204
|
| 606 |
1 |
|
|a Млекопитающие
|2 stltpush
|3 (RuTPU)RU\TPU\subj\44130
|9 63503
|
| 610 |
1 |
|
|a роды
|
| 610 |
1 |
|
|a дети
|
| 610 |
1 |
|
|a близнецы
|
| 610 |
1 |
|
|a плацента
|
| 675 |
|
|
|a 612.6
|v 3
|
| 675 |
|
|
|a 599
|v 3
|
| 700 |
|
1 |
|a Хватов
|b Б. П.
|g Борис Петрович
|
| 701 |
|
1 |
|a Федоров
|b Р. М.
|g Роальд Михайлович
|
| 801 |
|
1 |
|a RU
|b 63413507
|c 20150331
|
| 801 |
|
2 |
|a RU
|b 63413507
|c 20150407
|g RCR
|
| 942 |
|
|
|c BK
|